Trouver le joueur NBA / Niveau 1 #1 - Statistiques

Statistiques générales
  • Ce quiz a été pris 973 fois
  • Le résultat moyen est 15 sur 16
Statistiques - réponses
Par images Réponse % Correct
LeBron James
99%
Anthony Davis
96%
Jason Tatum
96%
Kevin Durant
96%
Stephen Curry
96%
Nikola Jokic
95%
Joël Embiid
93%
Victor Wembanyama
93%
Luka Doncic
90%
Anthony Edwards
89%
Kawhi Leonard
88%
Shai Gilgeous-Alexander
88%
Giannis Antetokounmpo
87%
Donovan Mitchell
85%
Damian Lillard
84%
Tyrese Haliburton
78%
Aucun quiz correspondant
Distribution des résultats
% des personnes avec chaque résultat
Percentile par nombre de réponses
Votre historique - résultats
Vous n’avez pas pris ce quiz